Language hub B1+ : intermediate. Teacher's book /

Saved in:
Bibliographic Details
Main Author Dunnett, Bobby (Author)
Format Book
LanguageEnglish
Published London : Macmillan Education, 2019
EditionFirst published
Subjects
ISBN978-1-380-01712-3
Physical Description1 svazek (různé stránkování) : ilustrace (převážně barevné) ; 30 cm

Cover

LEADER 00000nam a2200000 i 4500
001 115738
003 CZ ZlUTB
005 20260601081610.0
007 ta
008 260601s2019 xxka e fp 000 0 eng d
020 |a 978-1-380-01712-3  |q (kroužková vazba) 
040 |a ZLD002  |b cze  |e rda 
072 7 |a 811.111  |x Angličtina  |2 Konspekt  |9 11 
072 7 |a 37.016  |x Učební osnovy. Vyučovací předměty. Učebnice  |2 Konspekt  |9 22 
080 |a 811.111  |2 MRF 
080 |a 81’24  |2 MRF 
080 |a (072)  |2 MRF 
080 |a (07.063)81  |2 MRF 
100 1 |a Dunnett, Bobby  |4 aut 
245 1 0 |a Language hub B1+ :  |b intermediate.  |p Teacher's book /  |c Bobby Dunnett 
250 |a First published 
264 1 |a London :  |b Macmillan Education,  |c 2019 
300 |a 1 svazek (různé stránkování) :  |b ilustrace (převážně barevné) ;  |c 30 cm 
336 |a text  |b txt  |2 rdacontent 
337 |a bez média  |b n  |2 rdamedia 
338 |a svazek  |b nc  |2 rdacarrier 
500 |a Dotisk 2024, některé dotisky brožovány 
500 |a Obsahuje přístupový kód k online materiálům 
500 |a "Teacher's Book with Tearcher's App" 
521 8 |a Pro jazykovou úroveň B1+ 
650 0 7 |a angličtina  |7 ph114056  |2 czenas 
650 0 7 |a jazyková výuka  |7 ph162894  |2 czenas 
650 0 9 |a English language  |2 eczenas 
650 0 9 |a language teaching and learning  |2 eczenas 
655 7 |a metodické příručky  |7 fd132826  |2 czenas 
655 7 |a jazykové učebnice, texty, příručky (B)  |7 fd600891  |2 czenas 
655 9 |a methodological manuals  |2 eczenas 
655 9 |a language textbooks, texts, handbooks (B)  |2 eczenas 
710 2 |a Macmillan Education Ltd.  |7 mzk20251258402  |4 pbl 
910 |a ZLD002 
942 |2 udc 
952 |0 0  |1 0  |4 0  |5 0  |6 8020DUNNETTB  |7 0  |8 BOOK  |9 191379  |a UTBZL  |b UTBZL  |c 019  |d 2026-06-01  |l 0  |o 802.0/DUNNETT,B.  |p 420010202211  |r 2026-06-01 08:15:19  |v 776.00  |w 2026-06-01  |x N:nákup  |y 08 
952 |0 0  |1 0  |4 0  |5 0  |6 8020DUNNETTB  |7 0  |8 BOOK  |9 191380  |a UTBZL  |b UTBZL  |c 019  |d 2026-06-01  |l 0  |o 802.0/DUNNETT,B.  |p 420010202212  |r 2026-06-01 08:15:28  |v 776.00  |w 2026-06-01  |x N:nákup  |y 08 
952 |0 0  |1 0  |4 0  |5 0  |6 8020DUNNETTB  |7 0  |8 BOOK  |9 191381  |a UTBZL  |b UTBZL  |c 019  |d 2026-06-01  |l 0  |o 802.0/DUNNETT,B.  |p 420010202213  |r 2026-06-01 08:15:35  |v 776.00  |w 2026-06-01  |x N:nákup  |y 08 
952 |0 0  |1 0  |4 0  |5 0  |6 8020DUNNETTB  |7 0  |8 BOOK  |9 191382  |a UTBZL  |b UTBZL  |c 019  |d 2026-06-01  |l 0  |o 802.0/DUNNETT,B.  |p 420010202222  |r 2026-06-01 08:15:43  |v 776.00  |w 2026-06-01  |x N:nákup  |y 08 
992 |b SKNEW 
999 |c 115738  |d 115738